Guess the 1970s song lyrics #344 - Statistics

General Stats
  • This quiz has been taken 23 times
  • The average score is 369 of 500
Answer Stats
Answer % Correct
a
100%
I
100%
the
100%
for
95%
in
95%
on
95%
and
90%
And
90%
keep
90%
river
90%
River
90%
rollin
90%
who
90%
do
86%
ever
86%
good
86%
Mary
86%
Proud
86%
to
86%
you
86%
You
86%
Big
81%
big
81%
down
81%
got
81%
man
81%
night
81%
Oh
81%
We
81%
we
81%
wheel
81%
day
76%
every
76%
If
76%
if
76%
is
76%
it
76%
no
76%
of
76%
rolling
76%
Rolling
76%
that
76%
then
76%
turning
76%
we're
76%
We're
76%
burning
71%
city
71%
have
71%
know
71%
me
71%
never
71%
Working
71%
are
67%
Left
67%
live
67%
now
67%
So
67%
this
67%
This
67%
way
67%
Well
67%
been
62%
But
62%
going
62%
job
62%
people
62%
People
62%
don't
57%
from
57%
give
57%
hear
57%
just
57%
money
57%
one
57%
saw
57%
side
57%
some
57%
thing
57%
think
57%
us
57%
yeah
57%
Yeah
57%
gonna
52%
like
52%
might
52%
Said
52%
things
52%
time
52%
was
52%
happy
48%
New
48%
nothing
48%
ooh
48%
Ooh
48%
Say
48%
Orleans
43%
queen
43%
ride
43%
something
43%
take
43%
there's
43%
worry
43%
come
38%
more
38%
riverboat
38%
song
38%
Til
38%
hitched
33%
lost
33%
lot
33%
Memphis
33%
minute
33%
sleeping
33%
Ya
33%
bet
29%
bout
29%
find
29%
tell
29%
Tell
29%
Until
29%
Worrying
29%
worrying
29%
Alright
24%
alright
24%
always
24%
easy
24%
Woo
24%
Cleaned
19%
cleaned
19%
Nice
19%
nice
19%
plates
19%
rough
19%
beginning
14%
finish
14%
Listen
14%
story
14%
pumped
10%
'tane
10%
No matching quizzes found
Score Distribution
Percent of People with Each Score
Percentile by Number Answered
Your Score History
You have not taken this quiz